Latinčina pre študentov biológie

Bibliographic Details
Main Authors: Pauliny-Danielisová, Mariana, 1947- (Author), Slováková, Tatiana, 1974- (Author)
Format: Book
Language:Slovak
Latin
PhysicalDescription:70 strán tabuľky 29 cm
Published: Bratislava Univerzita Komenského v Bratislave Vydavateľstvo UK 2017
ISBN:9788022344883
Edition:Druhé vydanie
Subjects:

MARC

LEADER 00000cam a2200000 4500
001 vtls011763083
003 SK-MaSNL
005 20260302060023.0
008 200104s2017 xo l e np 000 0 slo
015 |a SNBA2018/08 
020 |a 9788022344883  |q (brožované) 
035 |a urn:nbn:sk:snk-am00d4hb 
035 |a urn:nbn:sk:snk-am3hled 
035 |a 21BB6874-8C65-4B19-9336-26A13330B875 
040 |a SNK  |b slo  |c SNK  |e rda 
041 0 |a slo  |a lat 
044 |a xo  |c SK 
072 7 |a 811.124  |x Latinčina  |2 konspekt 
080 |a 811.124  |2 2011 
080 |a 57/59  |2 2011 
080 |a 81'373.46  |2 2011 
080 |a (075.8)  |2 2011 
080 |a 81`24  |2 2011 
080 |a 81'373  |2 2011 
100 1 |a Pauliny-Danielisová, Mariana,  |d 1947-  |4 aut  |9 37124 
245 1 0 |a Latinčina pre študentov biológie  |c Mariana Paulinyová, Tatiana Slováková 
250 |a Druhé vydanie 
260 |a Bratislava  |b Univerzita Komenského v Bratislave  |b Vydavateľstvo UK  |c 2017 
300 |a 70 strán  |b tabuľky  |c 29 cm 
336 |a text  |b txt  |2 rdacontent 
337 |a bez média  |b n  |2 rdamedia 
338 |a zväzok  |b nc  |2 rdacarrier 
366 |e 100 výtlačkov 
500 |a Slovník 
504 |a Bibliografia na strane 69 
650 0 7 |a latinčina  |2 SNKPH  |9 3501 
650 0 7 |a Latin language  |2 SNKPHeng  |9 276352 
650 0 7 |a Biology  |2 SNKPHeng  |9 82165 
650 0 7 |a Terminology (professional)  |2 SNKPHeng  |9 90966 
650 0 7 |a vyučovanie jazykov  |2 SNKPH  |9 31418 
650 0 7 |a Language teaching and learning  |2 SNKPHeng  |9 267180 
650 0 7 |a biológia  |2 SNKPH  |9 689 
650 0 7 |a odborná terminológia  |2 SNKPH  |9 3616 
650 0 7 |a slovná zásoba  |2 SNKPH  |9 66837 
650 0 7 |a Vocabulary  |2 SNKPHeng  |9 101868 
655 7 |a učebnice vysokých škôl  |2 SNKPH  |9 70191 
655 7 |a Textbooks (higher)  |2 SNKPHeng  |9 276436 
700 1 |a Slováková, Tatiana,  |d 1974-  |4 aut  |9 198028 
852 |a Štátna vedecká knižnica v Banskej Bystrici 
919 |a 978-80-223-4488-3 
958 |a NB 
999 |c 1119640  |d 1121570 
952 |a SNK  |b SNK  |y PREZ  |7 0  |p 17A1334591  |o snkSB 92969  |i snk2018/15563  |8 0  |0 0  |1 0  |4 0  |d 2018-07-20  |f 1  |l 0  |r 2025-05-14 00:00:00  |w 2026-02-24 
952 |a SNK  |b SNK  |y VYP  |7 0  |p 17A1334592  |o snkSB 92969 D1  |i snk2018/15564  |8 0  |0 0  |1 0  |4 0  |d 2018-07-20  |l 0  |r 2026-02-24 18:27:34  |w 2026-02-24